000 00374 a2200157 4500
001 160123
020 _a85-7007-038-1
040 _cMagnum
100 _aNovaes, Carlos Eduardo
240 1 0 _aA história de Cândido Urbano urubu
_lpor
245 1 0 _aA história de Cândido Urbano urubu
300 _a130
362 0 _a1995
697 _aLITERATURA JUVENIL
942 _cBK
999 _c160123
_d160123